000 00407pab a2200157 454500
008 180718b2013 xxu||||| |||| 00| 0 eng d
100 _aMorris, Peter
245 _aReconstructing project management reprised: A knowledge perspective
260 _c2013
300 _ap.6-23.
362 _aOct
650 _aProject management
773 _aProject Management Journal
908 _aN
909 _a101757
999 _c101755
_d101755